|
|
|
|
| LEADER |
00000nab a2200000Ia 4500 |
| 001 |
vtls010749326 |
| 003 |
SK-MaSNL |
| 005 |
20260304203252.0 |
| 008 |
250718|2012 xo |||||||||||||||||slo| |
| 035 |
|
|
|a (urnnbn)urn:nbn:sk:snk:ar-a02rs7
|
| 035 |
|
|
|a (uuid)52ed0d03-3f1b-428e-910d-b3ce7040e103
|
| 035 |
|
|
|a urn:nbn:sk:snk-ab4n1j
|
| 040 |
|
|
|a SNKBUCL
|b slo
|c SNKBUCL
|e AACR2
|
| 041 |
0 |
|
|a slo
|
| 044 |
|
|
|a xo
|c SK
|
| 080 |
|
|
|a 069
|2 2001
|
| 080 |
|
|
|a (439)
|2 2001
|
| 080 |
|
|
|a 437.672
|2 2008
|
| 080 |
|
|
|a 069.9
|2 2001
|
| 100 |
1 |
|
|a Ambrušová, Uršula,
|d 1972-
|4 aut
|9 180307
|
| 245 |
1 |
0 |
|a Krajina možností - vývoj meštianstva v Uhorsku 19. storočia
|c Ursula Ambrušová
|
| 610 |
2 |
7 |
|a Východoslovenské múzeum
|2 SNKKA
|9 29561
|
| 648 |
|
7 |
|a 19. stor.
|2 SNK
|9 278793
|
| 650 |
0 |
7 |
|a múzeá
|2 SNKPH
|9 4119
|
| 650 |
0 |
7 |
|a buržoázia
|2 SNK
|9 4870
|
| 650 |
0 |
7 |
|a výstavy
|2 SNKPH
|9 2780
|
| 651 |
|
7 |
|a Uhorsko
|2 SNKPH
|9 28673
|
| 651 |
|
7 |
|a Košice (Slovensko)
|2 SNKPH
|9 18694
|
| 773 |
0 |
|
|t Múzeum : študijný a informačný materiál
|g Roč. 58, č. 2 (2012), s. 34-36
|
| 850 |
|
|
|a Slovenská národná knižnica
|
| 852 |
|
|
|a Slovenská národná knižnica
|
| 954 |
|
|
|a odborná, vedecká literatúra pôvodná (slovenská)
|2 lita
|
| 958 |
|
|
|a article3
|
| 958 |
|
|
|a OND
|
| 958 |
|
|
|a EUIPO
|
| 999 |
|
|
|c 3108713
|d 3110643
|